000 00757cam a22002411 4500
001 sg 44000180
003 DLC
005 20260227112743.0
008 810725s1944 xx ac 000 0 eng
010 _asg 44000180
035 _a(OCoLC)14736598
040 _aDLC
_cDNLM
_dMoKL
_dDLC
042 _apremarc
050 0 0 _aRS68.S4
_bA4
060 0 _aQV 711
_bAA1 S3o 1944
110 2 _aW.H. Schieffelin & Co. (New York, N.Y.)
245 1 0 _a150 years service to American health.
260 _aNew York city,
_bSchieffelin & co.,
_cc1944.
300 _a2 p. l., 73, [1] p.
_bill., ports.
500 _a"By Carl C. Dickey and W. J. Schieffelin, jr." - Verso of 2d prelim. leaf.
650 0 _aPharmacy
_zUnited States
_xHistory.
700 1 _aDickey, Carl C.
999 _c90422
_d90422